[Event "Mistrzostwa Polski Juniorow Mlodszych do lat 12 - OOM Zachodniopomorskie 2023"]
[Site "Darlowek"]
[Date "1899-12-30"]
[Round "1.25"]
[White "Hlubek, Tymoteusz"]
[Black "Wons, Krystian"]
[Result "1/2-1/2"]
[WhiteTitle "II+"]
[BlackTitle "I"]
[WhiteElo "1203"]
[BlackElo "1422"]

1. c4 Nf6 2. Nc3 g6 3. e4 d6 4. g3 c5 5. Bg2 Nc6 6. d3 Bg7 7. Nge2 O-O 8. O-O Re8
9. h3 e6 10. f4 Nd7 11. Be3 f5 12. Rb1 a6 13. a3 Qa5 14. Bd2 Qb6 15. Kh1 Nd4 16.
Nxd4 cxd4 17. Na4 Qc7 18. b4 Nb6 19. Nxb6 Qxb6 20. c5 dxc5 21. bxc5 Qxc5 22. Bb4
Qc7 23. e5 Bf8 24. Qb3 Rb8 25. Bxf8 Rxf8 26. Rfc1 Qd7 27. Qb6 Qd8 28. Rc4 Qxb6
29. Rxb6 Rd8 30. Kg1 Kf7 31. Kf2 h6 32. Ke2 Ke7 33. Rc7+ Rd7 34. Rc4 1/2-1/2

[Event "Mistrzostwa Polski Juniorow Mlodszych do lat 12 - OOM Zachodniopomorskie 2023"]
[Site "Darlowek"]
[Date "1899-12-30"]
[Round "1.26"]
[White "Rutkowski, Feliks"]
[Black "Kucinski, Jan"]
[Result "1-0"]
[WhiteTitle "II"]
[BlackTitle "II"]
[WhiteElo "1413"]
[BlackElo "1116"]

1. c4 e6 2. g3 f5 3. Bg2 Nf6 4. Nf3 Be7 5. O-O O-O 6. d3 d6 7. Nc3 Nc6 8. a3 a5
9. Rb1 e5 10. b4 axb4 11. axb4 Rb8 12. b5 Na5 13. b6 c5 14. Nd5 Nc6 15. Nd2 Bd7
16. f4 Nxd5 17. Bxd5+ Kh8 18. e3 Nb4 19. Nf3 Bf6 20. Qd2 Bc6 21. e4 Bxd5 22. cxd5
exf4 23. gxf4 Ra8 24. e5 Ra2 25. Rb2 Rxb2 26. Bxb2 Be7 27. Qg2 Nxd3 28. exd6 Bf6
29. Be5 Qxb6 30. Kh1 c4 31. Qe2 Qd8 32. Nd4 Re8 33. Ne6 Qd7 34. Rg1 Rxe6 35. dxe6
Qxe6 36. d7 Qxd7 37. Bxf6 gxf6 38. Qg2 Qf7 39. Qg3 Qd5+ 40. Rg2 Qf7 41. h3 b5
42. Ra2 h6 43. Ra8+ Kh7 44. Kh2 Nc5 45. Qe3 Qc7 46. Qg3 Qg7 47. Qa3 Qc7 48. Ra7
Nb7 49. Qf3 Kg6 50. Qg2+ Kh5 51. Qf3+ Kh4 52. Rxb7 Qd6 53. Rg7 Qd2+ 54. Rg2 Qe1
55. Rg4+ Kh5 56. Rg5+ Kh4 57. Qh5# 1-0

[Event "Mistrzostwa Polski Juniorow Mlodszych do lat 12 - OOM Zachodniopomorskie 2023"]
[Site "Darlowek"]
[Date "1899-12-30"]
[Round "2.1"]
[White "Golis, Wiktor"]
[Black "Perucki, Maciej"]
[Result "1/2-1/2"]
[WhiteTitle "I++"]
[BlackTitle "I"]
[WhiteElo "2046"]
[BlackElo "1526"]

1. e4 Nf6 2. e5 Nd5 3. d4 d6 4. c4 Nb6 5. exd6 cxd6 6. Nc3 g6 7. Be3 Bg7 8. Nf3
Nc6 9. Be2 Bg4 10. b3 O-O 11. Qd2 Re8 12. O-O d5 13. c5 Nc8 14. h3 Bxf3 15. Bxf3
e6 16. Rfd1 a6 17. Ne2 N8e7 18. g4 e5 19. dxe5 Nxe5 20. Bg2 Qd7 21. Rac1 Rad8
22. Nd4 N5c6 23. Nxc6 bxc6 24. Bd4 Qc7 25. Bxg7 Kxg7 26. Qd4+ f6 27. Re1 Ng8 28.
Qa4 a5 29. Rxe8 Rxe8 30. Bxd5 Ne7 31. Bg2 Rd8 32. Re1 Nd5 33. Qe4 Rd7 34. Qa4
Nf4 35. Qe4 Nd3 36. Rd1 Nxc5 37. Rxd7+ Qxd7 38. Qxc6 Qe7 39. Qf3 Qe1+ 40. Bf1
Qc1 41. Qe3 Qxe3 42. fxe3 Kf7 43. Bc4+ Ke7 44. Kg2 Kd6 45. Kf3 Ke5 46. a3 Ne4
47. Bg8 h6 48. h4 Nc3 49. b4 axb4 50. axb4 g5 51. hxg5 hxg5 52. Bh7 Kd6 53. Bd3
Nd5 54. b5 Nc3 55. e4 Kc5 56. Ke3 Nd1+ 57. Kf3 Nc3 58. Bf1 Kb6 59. Ke3 Kc5 60.
Bd3 Nd1+ 61. Ke2 Nc3+ 62. Kf3 Kb6 63. Ke3 Kc5 64. Bf1 Nd1+ 65. Kf3 Nc3 66. Bd3
Kb6 67. Ke3 Kc5 68. b6 Kxb6 69. Kd4 Nd1 70. Be2 Nf2 71. Kd5 Kc7 72. Bf3 Kd7 73.
e5 fxe5 74. Kxe5 Nxg4+ 75. Bxg4+ 1/2-1/2

[Event "Mistrzostwa Polski Juniorow Mlodszych do lat 12 - OOM Zachodniopomorskie 2023"]
[Site "Darlowek"]
[Date "1899-12-30"]
[Round "2.2"]
[White "Jasiulewicz, Kamil"]
[Black "Radzimski, Antoni"]
[Result "1/2-1/2"]
[WhiteTitle "II"]
[BlackTitle "I++"]
[WhiteElo "1486"]
[BlackElo "1960"]

1. d4 Nf6 2. Nf3 d5 3. c4 e6 4. Qc2 a6 5. cxd5 exd5 6. Bg5 Be7 7. e3 h6 8. Bh4
Nc6 9. a3 Be6 10. Bd3 Nh5 11. Bxe7 Qxe7 12. Nc3 O-O 13. Na4 Bg4 14. Qc5 Qe6 15.
Be2 Nf6 16. Qc3 Ne4 17. Qc2 Rfe8 18. O-O Qf6 19. Nc3 Rad8 20. b4 Bf5 21. Qb3 Ne7
22. Ra2 c6 23. a4 Ng6 24. b5 axb5 25. axb5 Ng5 26. Ra7 Nxf3+ 27. Bxf3 Nh4 28.
Qd1 Qg6 29. Kh1 Bc2 30. Qe1 Nxf3 31. gxf3 Qf5 32. Rg1 Qxf3+ 33. Rg2 Re6 34. Qe2
Qxe2 35. Nxe2 cxb5 36. Rxb7 Be4 37. Nc3 Bf3 38. Kg1 Ra8 39. h3 Rc6 40. Nxb5 Rc1+
41. Kh2 Rb1 42. Rg1 Rb2 43. Kg3 Be4 44. Nd6 Rxb7 45. Nxb7 Ra6 46. Nc5 Rg6+ 47.
Kh2 1/2-1/2

[Event "Mistrzostwa Polski Juniorow Mlodszych do lat 12 - OOM Zachodniopomorskie 2023"]
[Site "Darlowek"]
[Date "1899-12-30"]
[Round "2.3"]
[White "Chiszko, Oskar"]
[Black "Wojciechowski, Szymon"]
[Result "1-0"]
[WhiteTitle "I"]
[BlackTitle "II+"]
[WhiteElo "1895"]
[BlackElo "1479"]

1. e4 c5 2. Nf3 g6 3. d4 cxd4 4. Nxd4 Nc6 5. c4 Nf6 6. Nc3 d6 7. Be2 Nxd4 8. Qxd4
Bg7 9. Be3 O-O 10. Qd3 Be6 11. Bd4 Qa5 12. O-O Rac8 13. b3 Nd7 14. Bxg7 Kxg7 15.
h3 a6 16. a4 Kg8 17. Rab1 Qb6 18. Kh2 Nc5 19. Qe3 a5 20. f4 Nxa4 21. Qf3 Nxc3
22. Qxc3 Qc7 23. Qf3 Ra8 24. Kh1 f5 25. Bd3 Qc6 26. Qe2 Rf6 27. exf5 gxf5 28.
Rbe1 Rg6 29. Kh2 Qd7 30. g4 Re8 31. Qc2 Rf6 32. g5 Rg6 33. h4 Qc8 34. h5 Rg7 35.
Be2 h6 36. g6 b5 37. Qd2 a4 38. Bf3 axb3 39. Rxe6 bxc4 40. Bd5 c3 41. Re3+ e6
42. Rxc3 Qa6 43. Bc4 Qa5 44. Bxb3 d5 45. Qd4 Qb5 46. Re1 Rge7 47. Rce3 e5 48.
Qxd5+ Qxd5 49. Bxd5+ Kg7 50. Rxe5 Rxe5 51. Rxe5 Rb8 52. Re7+ Kf6 53. Rf7# 1-0

[Event "Mistrzostwa Polski Juniorow Mlodszych do lat 12 - OOM Zachodniopomorskie 2023"]
[Site "Darlowek"]
[Date "1899-12-30"]
[Round "2.4"]
[White "Kisiel, Wiktor"]
[Black "Witczak, Borys"]
[Result "0-1"]
[WhiteTitle "II"]
[BlackTitle "I"]
[WhiteElo "1458"]
[BlackElo "1874"]

1. d4 Nf6 2. c4 g6 3. g3 Bg7 4. Bg2 O-O 5. Nf3 d6 6. O-O Nbd7 7. Nc3 e5 8. e4 exd4
9. Nxd4 Nc5 10. b3 Re8 11. Re1 Ng4 12. f4 Qf6 13. e5 dxe5 14. Nd5 Qd8 15. Ba3
exd4 16. Bxc5 Be6 17. h3 Bxd5 18. Bxd5 Ne3 19. Qd3 Nxd5 20. Rxe8+ Qxe8 21. cxd5
Rd8 22. d6 Qc6 23. dxc7 Qxc7 24. Rc1 b6 25. Ba3 Qd7 26. Kg2 Re8 27. Rd1 Qd5+ 28.
Kh2 Qe6 29. Kg2 h5 30. Bb4 Qc6+ 31. Kf2 Re3 0-1

[Event "Mistrzostwa Polski Juniorow Mlodszych do lat 12 - OOM Zachodniopomorskie 2023"]
[Site "Darlowek"]
[Date "1899-12-30"]
[Round "2.5"]
[White "Ochedzan, Filip"]
[Black "Rutkowski, Feliks"]
[Result "1/2-1/2"]
[WhiteTitle "I"]
[BlackTitle "II"]
[WhiteElo "1856"]
[BlackElo "1413"]

1. e4 e5 2. Nf3 Nf6 3. Nxe5 d6 4. Nf3 Nxe4 5. Nc3 Nxc3 6. dxc3 Be7 7. Be3 Nd7 8.
Qd2 O-O 9. O-O-O Nf6 10. Bd3 Be6 11. Kb1 c5 12. Ng5 Qd7 13. Nxe6 fxe6 14. Qe2
d5 15. c4 d4 16. Bf4 Bd6 17. Be5 Rae8 18. f4 b5 19. cxb5 Bxe5 20. fxe5 Nd5 21.
Rhe1 Rb8 22. g3 a6 23. a4 Qa7 24. Bc4 axb5 25. Bxd5 exd5 26. e6 bxa4 27. e7 Rfe8
28. Qe6+ Kh8 29. Qxd5 Qb6 30. b3 Qb4 31. Ka2 Qc3 32. b4 Qxc2+ 33. Ka1 Qc3+ 34.
Ka2 cxb4 35. Qxd4 b3+ 36. Ka3 Qc7 37. Rc1 Qb7 38. Rc4 b2 39. Rb4 Qf3+ 40. Kxb2
Rxb4+ 41. Qxb4 a3+ 42. Ka2 Qf2+ 1/2-1/2

[Event "Mistrzostwa Polski Juniorow Mlodszych do lat 12 - OOM Zachodniopomorskie 2023"]
[Site "Darlowek"]
[Date "1899-12-30"]
[Round "2.6"]
[White "Czeremcha, Piotr"]
[Black "Obrycki, Tomasz"]
[Result "1/2-1/2"]
[WhiteTitle "II"]
[BlackTitle "I"]
[WhiteElo "1382"]
[BlackElo "1786"]

1. e4 c5 2. Nf3 e6 3. d4 cxd4 4. Nxd4 a6 5. Nc3 Qc7 6. Be2 Nf6 7. Be3 d6 8. g4
Be7 9. Qd2 b5 10. O-O-O b4 11. Na4 Qa5 12. Nb6 Nxe4 13. Nb3 Qxb6 14. Bxb6 Nxd2
15. Kxd2 Bb7 16. Rhe1 Nd7 17. Bd4 e5 18. Be3 Nf6 19. Kc1 Rc8 20. Na5 Be4 21. Rd2
O-O 22. f3 Bg6 23. Bxa6 Ra8 24. Nc6 Rxa6 25. Nxe7+ Kh8 26. Nxg6+ hxg6 27. Red1
Kh7 28. Rxd6 Rxa2 29. Bc5 Rb8 30. b3 e4 31. g5 Ne8 32. Rd8 1/2-1/2

[Event "Mistrzostwa Polski Juniorow Mlodszych do lat 12 - OOM Zachodniopomorskie 2023"]
[Site "Darlowek"]
[Date "1899-12-30"]
[Round "2.7"]
[White "Karaszewski, Gabriel"]
[Black "Ches, Krzysztof"]
[Result "1-0"]
[WhiteTitle "I"]
[BlackTitle "II"]
[WhiteElo "1769"]
[BlackElo "1346"]

1. d4 d5 2. c4 e6 3. Nf3 Nf6 4. Nc3 Be7 5. Bf4 O-O 6. e3 b6 7. Bd3 Ba6 8. Qe2 c5
9. dxc5 bxc5 10. O-O Qb6 11. Ne5 Rd8 12. Rfd1 Nc6 13. Nxc6 Qxc6 14. cxd5 Bxd3
15. dxc6 Bxe2 16. Nxe2 Rxd1+ 17. Rxd1 Rc8 18. c7 Nh5 19. Bd6 Kf8 20. Bxc5 Ke8
21. Bxa7 Rxc7 22. Bd4 Bf6 23. Bxf6 Nxf6 24. Nc3 Rb7 25. Rd2 Rd7 26. Rxd7 Kxd7
27. Kf1 Kc6 28. Ke2 Kc5 29. Kd3 Kb4 30. Ne4 Nd7 31. f4 f5 32. Ng5 Nc5+ 33. Kc2
h6 34. Nf7 Ne4 35. Nd8 Nc5 36. a3+ Kc4 37. b4 Nd3 38. Nxe6 Ne1+ 39. Kd2 Nxg2 40.
Nxg7 Nh4 41. Ke2 Kd5 42. Kd3 Nf3 43. Nxf5 Nxh2 44. Nxh6 Nf3 45. e4+ Ke6 46. Nf5
Ne1+ 47. Kc3 Nf3 48. Nd4+ Nxd4 49. Kxd4 Kd6 50. f5 Ke7 51. a4 Kf6 52. a5 Kg5 53.
a6 Kf4 54. a7 Kf3 55. a8=Q Kf4 56. Qg8 Kf3 57. Qg5 Ke2 58. Qf4 Kd1 59. Kd3 Ke1
60. f6 Kd1 61. Qd2# 1-0

[Event "Mistrzostwa Polski Juniorow Mlodszych do lat 12 - OOM Zachodniopomorskie 2023"]
[Site "Darlowek"]
[Date "1899-12-30"]
[Round "2.8"]
[White "Reterski, Wiktor"]
[Black "Rozanski, Mateusz"]
[Result "0-1"]
[WhiteTitle "II"]
[BlackTitle "I"]
[WhiteElo "1247"]
[BlackElo "1693"]

1. d4 Nf6 2. c4 g6 3. Nc3 Bg7 4. Nf3 O-O 5. Bf4 d6 6. e3 b6 7. Be2 Bb7 8. h3 Ne4
9. Qc2 Nxc3 10. bxc3 Nd7 11. Bh2 e5 12. O-O f5 13. Rfe1 Qe7 14. d5 g5 15. g4 fxg4
16. hxg4 Nc5 17. Nd2 e4 18. Nb3 Be5 19. Bxe5 Qxe5 20. Nxc5 Rxf2 21. Kxf2 Qh2+
0-1

[Event "Mistrzostwa Polski Juniorow Mlodszych do lat 12 - OOM Zachodniopomorskie 2023"]
[Site "Darlowek"]
[Date "1899-12-30"]
[Round "2.9"]
[White "Golab, Antoni"]
[Black "Dobrowolski, Kamil"]
[Result "0-1"]
[WhiteTitle "II"]
[BlackTitle "II"]
[WhiteElo "1215"]
[BlackElo "1532"]

1. e4 c5 2. Nf3 Nc6 3. d4 cxd4 4. Nxd4 Nf6 5. Nc3 d6 6. Be3 e5 7. Nf3 h6 8. h3
Be7 9. Bc4 O-O 10. Qd2 a6 11. O-O Be6 12. Bb3 Rc8 13. Ne1 Na5 14. Nd3 Nxb3 15.
axb3 Qc7 16. Rac1 d5 17. exd5 Nxd5 18. Nxd5 Bxd5 19. Rfe1 Rfd8 20. Qe2 Bf6 21.
c4 Bc6 22. Nb4 Qd6 23. Nxc6 Qxc6 24. Red1 Rxd1+ 25. Rxd1 Rd8 26. Rxd8+ Bxd8 27.
Bd2 Bc7 28. Bc3 Qg6 29. Qd1 Qf5 30. Qg4 Qxg4 31. hxg4 Kf8 32. Kf1 Ke7 33. Ke2
Ke6 34. Ke3 g6 35. Kf3 f5 36. gxf5+ gxf5 37. Bd2 e4+ 38. Ke3 Bb6+ 39. Ke2 h5 40.
g3 Ke5 41. Bf4+ Ke6 42. Bd2 Bd4 43. Bc1 Kd6 44. b4 Ke5 45. Bh6 Ke6 46. b3 Bc3
47. Bf8 Bb2 48. Bh6 Ba3 49. Bd2 Bb2 50. Bh6 Bc3 51. Bf8 Be5 52. Bh6 Kd6 53. Bd2
Bd4 54. Be1 Ke6 55. Bd2 Kf6 56. Bh6 Kg6 57. Bd2 Kf6 58. Bh6 Bc3 59. Bf8 Kg5 60.
Ke3 Kg4 61. Be7 Bb2 62. Bd6 Ba3 63. Ke2 a5 64. Bc7 Bxb4 65. Ke3 Bc5+ 66. Ke2 b6
67. Be5 Kh3 68. Bf4 Kg2 69. Be3 Bxe3 70. Kxe3 Kf1 71. f3 Kg2 72. fxe4 fxe4 73.
Kxe4 Kxg3 74. Ke3 h4 75. Ke2 Kg2 76. Ke1 h3 77. c5 bxc5 78. b4 cxb4 79. Ke2 h2
80. Kd2 h1=Q 81. Ke2 Qf1+ 82. Kd2 Kf2 83. Kc2 Ke3 84. Kb2 Qd3 85. Ka2 Kd2 86.
Kb2 a4 87. Ka1 a3 88. Ka2 Qc2+ 89. Ka1 Qb2# 0-1

[Event "Mistrzostwa Polski Juniorow Mlodszych do lat 12 - OOM Zachodniopomorskie 2023"]
[Site "Darlowek"]
[Date "1899-12-30"]
[Round "2.10"]
[White "Kaszuba, Michal"]
[Black "Chmiel, Krzysztof"]
[Result "1-0"]
[WhiteTitle "II+"]
[BlackTitle "II"]
[WhiteElo "1527"]
[BlackElo "1283"]

1. e4 e5 2. Bc4 Nc6 3. Nf3 Bc5 4. c3 Nf6 5. d3 h6 6. O-O O-O 7. Nbd2 d6 8. Re1
a6 9. Bb3 Re8 10. Nf1 Bd7 11. Ne3 Ng4 12. h3 Nxe3 13. Bxe3 Bxe3 14. Rxe3 Be6 15.
Bxe6 fxe6 16. d4 exd4 17. cxd4 Kh8 18. Rc1 d5 19. Qb3 Rb8 20. Rce1 Rf8 21. exd5
exd5 22. Qd3 Qd7 23. Ne5 Nxe5 24. Rxe5 Qf7 25. Qe3 c6 26. Re2 Kg8 27. b4 Qf4 28.
g3 Qxe3 29. R2xe3 Rf7 30. Re8+ Rxe8 31. Rxe8+ Kh7 32. Kg2 Rc7 33. Re6 a5 34. bxa5
c5 35. dxc5 Rxc5 36. a6 bxa6 37. Rxa6 Rc2 38. Rd6 Rxa2 39. Rxd5 Ra3 40. Rd6 Rc3
41. h4 Rb3 42. g4 Rb2 43. Kg3 Rb3+ 44. f3 Rb1 45. Rd7 Rb4 46. Rd3 Rc4 47. g5 hxg5
48. hxg5 Rb4 49. f4 Re4 50. Rd7 Re1 51. Kg4 Rc1 52. Re7 Rd1 53. Kf5 Rd5+ 54. Re5
Rd6 55. Re7 Rd5+ 56. Kg4 Rd1 57. f5 Rg1+ 58. Kf4 Rf1+ 59. Ke5 Re1+ 60. Kd6 Rd1+
61. Ke6 Rg1 62. f6 Rxg5 63. f7 Rg6+ 64. Kd7 Rf6 65. Ke8 Kh6 66. f8=Q Rxf8+ 67.
Kxf8 g5 68. Rg7 Kh5 69. Kf7 Kh4 70. Kf6 g4 71. Kf5 g3 72. Kf4 Kh3 73. Rxg3+ Kh2
74. Rg5 Kh3 75. Rg8 Kh2 76. Kf3 Kh1 77. Kf2 Kh2 78. Rh8# 1-0

[Event "Mistrzostwa Polski Juniorow Mlodszych do lat 12 - OOM Zachodniopomorskie 2023"]
[Site "Darlowek"]
[Date "1899-12-30"]
[Round "2.11"]
[White "Brzezina, Piotr"]
[Black "Ladon, Tymoteusz"]
[Result "1-0"]
[WhiteTitle "I"]
[BlackTitle "II"]
[WhiteElo "1956"]
[BlackElo "1292"]

1. d4 Nf6 2. c4 g6 3. g3 Bg7 4. Bg2 O-O 5. Nc3 d6 6. Nf3 c5 7. O-O Nbd7 8. b3 cxd4
9. Nxd4 a6 10. Bb2 Qa5 11. Qd2 e5 12. Nc2 Rd8 13. Rfd1 Nb8 14. b4 Qc7 15. c5 Bf8
16. Na4 Nc6 17. Qg5 Be7 18. Nb6 Rb8 19. cxd6 Rxd6 20. Rxd6 Qxb6 21. Rxf6 Qd8 22.
Bxe5 Be6 23. Bxc6 bxc6 24. Nd4 Bd7 25. Qf4 Bxf6 26. Bxf6 Qf8 27. Be5 1-0

[Event "Mistrzostwa Polski Juniorow Mlodszych do lat 12 - OOM Zachodniopomorskie 2023"]
[Site "Darlowek"]
[Date "1899-12-30"]
[Round "2.12"]
[White "Boryna, Szymon"]
[Black "Mroczkowski, Adam"]
[Result "1-0"]
[WhiteTitle "II+"]
[BlackTitle "II"]
[WhiteElo "1478"]
[BlackElo "1402"]

1. c4 c6 2. Nc3 Nf6 3. Nf3 d5 4. e3 e6 5. a3 Bd6 6. b4 O-O 7. Bb2 e5 8. cxd5 cxd5
9. Nb5 Re8 10. Nxd6 Qxd6 11. Rc1 d4 12. Bb5 Bd7 13. Bxd7 Nbxd7 14. O-O d3 15.
Nh4 Rac8 16. Qb3 Nb6 17. f3 Nfd5 18. Qxd3 Qf6 19. Nf5 Rcd8 20. Qb1 Ne7 21. Nxe7+
Qxe7 22. Rfd1 Rd6 23. Rc5 f6 24. Qc2 Red8 25. Rc7 R8d7 26. Rxd7 Qxd7 27. d4 exd4
28. Bxd4 Kh8 29. Qb3 h6 30. b5 a6 31. bxa6 bxa6 32. Rb1 Nd5 33. Qc2 Qe8 34. Rb7
Nxe3 35. Qc7 Nf5 36. Rb8 Qxb8 37. Qxb8+ Kh7 38. g4 Rxd4 39. gxf5 Rd3 40. Qb4 Rxf3
41. Qa5 h5 42. a4 h4 43. Kg2 Ra3 44. Qxa6 h3+ 45. Kf2 Kh6 46. Qc6 Ra2+ 47. Kg3
Ra3+ 48. Kg4 Ra2 49. Kxh3 Kg5 50. Qc1+ Kh5 51. a5 g5 52. fxg6 Rxa5 53. g7 Ra8
54. Qc5+ Kg6 55. Qf8 f5 56. g8=Q+ Kh5 57. Qxf5+ Kh6 58. Qfg6# 1-0

[Event "Mistrzostwa Polski Juniorow Mlodszych do lat 12 - OOM Zachodniopomorskie 2023"]
[Site "Darlowek"]
[Date "1899-12-30"]
[Round "2.13"]
[White "Boguszewski, Kacper"]
[Black "Rajbharath, Harjith"]
[Result "1/2-1/2"]
[WhiteTitle "II"]
[BlackTitle "II"]
[WhiteElo "1275"]
[BlackElo "1477"]

1. e4 e6 2. d4 d5 3. Bd3 c5 4. exd5 Qxd5 5. Nf3 cxd4 6. O-O Nc6 7. Nbd2 Nf6 8.
Bc4 Qc5 9. Qe2 Bd6 10. Nb3 Qh5 11. h3 O-O 12. Nfxd4 Qg6 13. Bd3 Nxd4 14. Nxd4
Qh5 15. Qxh5 Nxh5 16. Nb5 Bb8 17. f4 a6 18. Nc3 b5 19. g4 Ba7+ 20. Kg2 Nf6 21.
Bd2 Bb7+ 22. Kg3 b4 23. Nd1 a5 24. Be3 Bxe3 25. Nxe3 Ne4+ 26. Kh2 Rfd8 27. Rad1
Nc5 28. f5 Nxd3 29. Rxd3 Rxd3 30. cxd3 Rd8 31. Rd1 exf5 32. gxf5 Ba6 33. d4 Re8
34. Re1 Bd3 35. d5 Bxf5 36. Kg3 f6 37. h4 Kf7 38. Kf4 Bd7 39. Rc1 g5+ 40. hxg5
fxg5+ 41. Kf3 Rc8 42. Nc4 Kf6 43. Ke4 Bf5+ 44. Kd4 g4 45. Rf1 g3 46. Ne3 g2 47.
Nxg2 Re8 1/2-1/2

[Event "Mistrzostwa Polski Juniorow Mlodszych do lat 12 - OOM Zachodniopomorskie 2023"]
[Site "Darlowek"]
[Date "1899-12-30"]
[Round "2.14"]
[White "Zalewski, Witold"]
[Black "Zawal, Krzysztof"]
[Result "0-1"]
[WhiteTitle "II"]
[BlackTitle "I"]
[WhiteElo "1292"]
[BlackElo "1462"]

1. e4 c5 2. Nf3 Nc6 3. Bb5 e6 4. Bxc6 bxc6 5. O-O Ne7 6. Re1 Ng6 7. e5 Be7 8. d3
f6 9. exf6 Bxf6 10. c3 O-O 11. Be3 d6 12. Nbd2 e5 13. h3 Rb8 14. Qc2 Bf5 15. Ne4
Be7 16. Nh2 c4 17. g4 cxd3 18. Qxd3 Bxe4 19. Qxe4 d5 20. Qc2 Qc7 21. b3 Bd6 22.
Nf1 Rf3 23. Ng3 e4 24. Nf5 Rxh3 25. Nxd6 Qxd6 26. Bxa7 Qh2+ 27. Kf1 Nf4 0-1

[Event "Mistrzostwa Polski Juniorow Mlodszych do lat 12 - OOM Zachodniopomorskie 2023"]
[Site "Darlowek"]
[Date "1899-12-30"]
[Round "2.15"]
[White "Smolinski, Wojciech"]
[Black "Hlubek, Tymoteusz"]
[Result "1-0"]
[WhiteTitle "II"]
[BlackTitle "II+"]
[WhiteElo "1439"]
[BlackElo "1203"]

1. e4 e5 2. Nf3 Nc6 3. Bb5 Bc5 4. O-O d6 5. c3 Bg4 6. d3 h6 7. Nbd2 a6 8. Ba4 Ba7
9. Re1 Nf6 10. Nf1 O-O 11. h3 Bh5 12. Ng3 Bg6 13. Bb3 Re8 14. Be3 Bxe3 15. Rxe3
d5 16. exd5 Nxd5 17. Bxd5 Qxd5 18. Qe2 f6 19. Nh4 Bh7 20. Qg4 Qe6 21. Ngf5 Bxf5
22. Nxf5 Re7 23. Nxe7+ Qxe7 24. Rg3 Rd8 25. Qg6 Kh8 26. Re1 Rf8 27. Rf3 Qf7 28.
Qxf7 Rxf7 29. Rfe3 Rd7 30. Rd1 Kg8 31. d4 Kf7 32. d5 Ne7 33. Red3 Nf5 34. g4 Nd6
35. a4 g6 36. b3 a5 37. b4 Nc4 38. Rb1 b6 39. bxa5 Nxa5 40. d6 e4 41. dxc7 Rxc7
42. Rd4 Nc4 43. Rb4 Ne5 44. Rxe4 Rxc3 45. Rxb6 Nf3+ 46. Kg2 Nh4+ 47. Kf1 Rc1+
48. Ke2 Rc2+ 49. Kd3 Rc7 50. a5 Nf3 51. a6 1-0

[Event "Mistrzostwa Polski Juniorow Mlodszych do lat 12 - OOM Zachodniopomorskie 2023"]
[Site "Darlowek"]
[Date "1899-12-30"]
[Round "2.16"]
[White "Wons, Krystian"]
[Black "Madejski, Milosz"]
[Result "1-0"]
[WhiteTitle "I"]
[BlackTitle "II"]
[WhiteElo "1422"]
[BlackElo "1236"]

1. d4 d5 2. c4 c6 3. Nc3 Nf6 4. Nf3 dxc4 5. a4 Nd5 6. e4 Nxc3 7. bxc3 Bg4 8. Bxc4
e6 9. h3 Bh5 10. Rb1 Qc7 11. O-O Bd6 12. Qb3 b6 13. Bxe6 Bxf3 14. gxf3 fxe6 15.
Qxe6+ Be7 16. Bg5 Qd7 17. Qe5 Rg8 18. d5 h6 19. Bf4 g5 20. Bg3 Kf7 21. Qd4 h5
22. d6 Bf6 23. e5 Bh8 24. Qe4 h4 25. Bh2 Qxh3 26. Qh7+ Bg7 27. e6+ Qxe6 28. Rfe1
Qh6 29. Re7+ Kf6 30. Be5# 1-0

[Event "Mistrzostwa Polski Juniorow Mlodszych do lat 12 - OOM Zachodniopomorskie 2023"]
[Site "Darlowek"]
[Date "1899-12-30"]
[Round "2.17"]
[White "Marcinkowski, Adam"]
[Black "Gibala, Adam"]
[Result "0-1"]
[WhiteTitle "II"]
[BlackTitle "I"]
[WhiteElo "1363"]
[BlackElo "1915"]

1. d4 d5 2. c4 e6 3. Nc3 Bb4 4. Nf3 dxc4 5. e4 b5 6. Bd2 c6 7. a4 a5 8. Be2 Nf6
9. Qc2 Nbd7 10. O-O Bxc3 11. bxc3 Nb6 12. Bg5 h6 13. Bxf6 gxf6 14. Nd2 e5 15.
dxe5 fxe5 16. f4 Nxa4 17. Nxc4 exf4 18. Rad1 Qg5 19. Nd6+ Kf8 20. Qd2 Be6 21.
Nb7 Qe7 22. Nd8 Bb3 23. Rxf4 Rh7 24. Nxc6 Qc5+ 25. Nd4 Bxd1 26. Bxd1 Nxc3 27.
Kh1 Qd6 28. Bb3 Re8 29. g3 b4 30. Qf2 Qg6 31. Bc2 Rg7 32. e5 Qb6 33. Rf6 Qb7+
34. Kg1 Kg8 35. Nf5 Rxe5 36. Nxh6+ Kf8 37. Bb3 Re7 38. Nf5 Qa7 39. Qxa7 Rxa7 40.
Nxg7 Kxg7 41. Rb6 a4 42. Rxb4 axb3 43. Rxb3 Ne4 44. Re3 Ra1+ 45. Kg2 Ra2+ 46.
Kf3 Ng5+ 47. Kg4 Kg6 48. Kf4 Rf2+ 49. Ke5 f6+ 50. Kd5 Rxh2 51. Kd6 Kf5 52. Ke7
Rh7+ 53. Kd6 Nf7+ 54. Kd5 Ne5 55. Kc5 Rd7 56. Ra3 Kg5 57. Re3 Kg4 58. Ra3 Rd3
59. Ra6 f5 60. Re6 Re3 61. Kd5 Kxg3 62. Rf6 f4 63. Kd4 Ng4 64. Rg6 f3 65. Rg7
f2 66. Rxg4+ Kxg4 67. Kxe3 f1=Q 68. Kd2 Qf3 0-1

[Event "Mistrzostwa Polski Juniorow Mlodszych do lat 12 - OOM Zachodniopomorskie 2023"]
[Site "Darlowek"]
[Date "1899-12-30"]
[Round "2.18"]
[White "Korszanski, Stanislaw"]
[Black "Lesik, Sebastian"]
[Result "1/2-1/2"]
[WhiteTitle "I"]
[BlackTitle "II"]
[WhiteElo "1622"]
[BlackElo "1358"]

1. e4 c5 2. Nc3 e6 3. f4 Nc6 4. Nf3 Qc7 5. e5 a6 6. g3 d5 7. Bg2 Nge7 8. O-O h5
9. Ne2 Nf5 10. c3 d4 11. d3 Be7 12. Bd2 Bd7 13. Rc1 Qb6 14. c4 O-O-O 15. Rb1 Qc7
16. a3 b6 17. b4 Nb8 18. Qb3 Bc6 19. Rfc1 Kd7 20. a4 Ke8 21. b5 Bxf3 22. Bxf3
a5 23. Kf2 Qa7 24. Bc6+ Kf8 25. Rh1 g6 26. h3 Kg7 27. Bf3 Rh7 28. Rh2 Rdh8 29.
Rbh1 Qd7 30. Qb1 Qd8 31. Qf1 Rh6 32. Ke1 Ne3 33. Bxe3 dxe3 34. Be4 f5 35. exf6+
Bxf6 36. Qf3 Bd4 37. Kd1 Qf6 38. Kc2 Nd7 39. Rg2 Rf8 40. g4 hxg4 41. Qxg4 Rfh8
42. Ng3 Rh4 43. Qd1 Rxf4 44. Ne2 Rxe4 45. dxe4 Qf3 46. Rhg1 Qxe4+ 47. Qd3 Qxd3+
48. Kxd3 Ne5+ 49. Kc2 1/2-1/2

[Event "Mistrzostwa Polski Juniorow Mlodszych do lat 12 - OOM Zachodniopomorskie 2023"]
[Site "Darlowek"]
[Date "1899-12-30"]
[Round "2.19"]
[White "Staniczek, Kacper"]
[Black "Lewek, Jakub"]
[Result "1-0"]
[WhiteTitle "I"]
[BlackTitle "I"]
[WhiteElo "1464"]
[BlackElo "1337"]

1. e4 c5 2. Nf3 e6 3. d4 cxd4 4. Nxd4 a6 5. c4 Nf6 6. f3 Nc6 7. Nc3 Bb4 8. a3 Bxc3+
9. bxc3 d5 10. cxd5 exd5 11. exd5 Qxd5 12. Nxc6 Qxc6 13. Bb2 O-O 14. Be2 Re8 15.
Qd2 Qb6 16. c4 Rd8 17. Qb4 Qe6 18. Kf2 a5 19. Qc3 Qf5 20. Rhd1 Be6 21. Kg1 Qc5+
22. Kh1 Rdc8 23. Rac1 Ra6 24. Qe5 Qxe5 25. Bxe5 Nd7 26. Bd6 h6 27. c5 Raa8 28.
f4 a4 29. Bf3 Ra7 30. Kg1 Bb3 31. Re1 Nf6 32. Kf2 Nd5 33. g3 Ra6 34. Re5 b6 35.
Bxd5 Bxd5 36. Rxd5 bxc5 37. Rdxc5 Rd8 38. Be7 Rd2+ 39. Kg1 Re6 40. Rc8+ Kh7 41.
Bb4 Ra2 42. R8c2 Re2 43. Rxa2 Rxa2 44. Rc7 Kg6 45. Ra7 1-0

[Event "Mistrzostwa Polski Juniorow Mlodszych do lat 12 - OOM Zachodniopomorskie 2023"]
[Site "Darlowek"]
[Date "1899-12-30"]
[Round "2.20"]
[White "Misiek, Marcel"]
[Black "Morozov, Artem"]
[Result "0-1"]
[WhiteTitle "II+"]
[BlackTitle "II+"]
[WhiteElo "1350"]
[BlackElo "1452"]

1. d4 d5 2. c4 dxc4 3. e3 a6 4. Bxc4 Nf6 5. Nf3 b5 6. Bd3 Bb7 7. O-O e6 8. b3 Nbd7
9. Bb2 c5 10. Be2 Be7 11. Nbd2 O-O 12. Rc1 Rc8 13. a4 bxa4 14. bxa4 cxd4 15. Bxd4
Rxc1 16. Qxc1 Qa5 17. Qc3 Qxc3 18. Bxc3 Rc8 19. Rb1 Bxf3 20. Bxf6 Bxe2 21. Bxe7
Nb6 22. Re1 Bd3 23. a5 Nd5 24. Bd6 Rc6 25. Ba3 Nc3 26. h3 Ne2+ 27. Kh2 h6 28.
Nf3 Rc3 29. Bb4 Rb3 30. Ne5 Bb5 31. Bc5 Nc3 32. Bb6 f6 33. Nf3 Nd5 34. Nd4 Rb2
35. Rc1 Bd7 36. Rc2 Rxc2 37. Nxc2 Nxb6 38. axb6 Bc8 39. Nd4 Kf7 40. Nc6 Ke8 41.
Na5 Kd7 42. b7 Bxb7 43. Nxb7 Kc6 44. Nd8+ Kd7 45. Nb7 Kc6 46. Na5+ Kb5 47. Nb3
a5 48. Nd4+ Kc4 49. Nxe6 a4 50. Nd4 a3 51. Nc6 a2 52. Na5+ Kb4 53. Nc6+ Kc5 54.
Na5 Kb4 55. Nc6+ Kc3 56. Nd4 a1=Q 57. Ne2+ Kd2 58. Nd4 Qb2 59. g3 Ke1 60. Kh1
Kxf2 0-1